<?xml version="1.0" encoding="UTF-8"?>
<record
    xmlns:xsi="http://www.w3.org/2001/XMLSchema-instance"
    xsi:schemaLocation="http://www.loc.gov/MARC21/slim http://www.loc.gov/standards/marcxml/schema/MARC21slim.xsd"
    xmlns="http://www.loc.gov/MARC21/slim">

  <leader>01332nam a2200253Ia 4500</leader>
  <datafield tag="999" ind1=" " ind2=" ">
    <subfield code="c">34416</subfield>
    <subfield code="d">34416</subfield>
  </datafield>
  <controlfield tag="001">139</controlfield>
  <controlfield tag="003">GE_BSU</controlfield>
  <controlfield tag="005">20241015155816.0</controlfield>
  <controlfield tag="008">181216s2010||||ge |||||||||||||| ||geo||</controlfield>
  <datafield tag="020" ind1=" " ind2=" ">
    <subfield code="a">999286382X</subfield>
  </datafield>
  <datafield tag="040" ind1=" " ind2=" ">
    <subfield code="c">GE_BSU</subfield>
  </datafield>
  <datafield tag="041" ind1=" " ind2=" ">
    <subfield code="a">geo</subfield>
  </datafield>
  <datafield tag="080" ind1=" " ind2=" ">
    <subfield code="a">615(075.8) &#x10D7;&#x2013;87</subfield>
  </datafield>
  <datafield tag="100" ind1=" " ind2=" ">
    <subfield code="a">&#x10D7;&#x10E3;&#x10E0;&#x10DB;&#x10D0;&#x10DC;&#x10D0;&#x10E3;&#x10DA;&#x10D8;, &#x10D2;&#x10D8;&#x10D5;&#x10D8;</subfield>
    <subfield code="9">616</subfield>
  </datafield>
  <datafield tag="245" ind1=" " ind2=" ">
    <subfield code="a">&#x10E1;&#x10D0;&#x10DB;&#x10D4;&#x10D3;&#x10D8;&#x10EA;&#x10D8;&#x10DC;&#x10DD; &#x10E4;&#x10D0;&#x10E0;&#x10DB;&#x10D0;&#x10D9;&#x10DD;&#x10DA;&#x10DD;&#x10D2;&#x10D8;&#x10D0; :</subfield>
    <subfield code="b">&#x10E1;&#x10D0;&#x10EE;&#x10D4;&#x10DA;&#x10DB;&#x10EB;&#x10E6;&#x10D5;. &#x10E1;&#x10E2;&#x10DD;&#x10DB;&#x10D0;&#x10E2;&#x10DD;&#x10DA;&#x10DD;&#x10D2;&#x10D8;&#x10E3;&#x10E0;&#x10D8; &#x10E4;&#x10D0;&#x10D9;. &#x10E1;&#x10E2;&#x10E3;&#x10D3;. &#x10E1;&#x10D8;&#x10DA;&#x10D0;&#x10D1;&#x10E3;&#x10E1;&#x10D8;&#x10D7; / </subfield>
    <subfield code="c">&#x10D2;&#x10D8;&#x10DD;&#x10E0;&#x10D2;&#x10D8; (&#x10D2;&#x10D8;&#x10D5;&#x10D8;) &#x10D7;&#x10E3;&#x10E0;&#x10DB;&#x10D0;&#x10DC;&#x10D0;&#x10E3;&#x10DA;&#x10D8;; &#x10D7;&#x10D1;&#x10D8;&#x10DA;. &#x10E1;&#x10D0;&#x10EE;&#x10D4;&#x10DA;&#x10DB;&#x10EC;. &#x10E1;&#x10D0;&#x10DB;&#x10D4;&#x10D3;. &#x10E3;&#x10DC;-&#x10E2;&#x10D8;&#x10E1; &#x10E1;&#x10D0;&#x10DB;&#x10D4;&#x10D3;. &#x10E4;&#x10D0;&#x10E0;&#x10DB;&#x10D0;&#x10D9;&#x10DD;&#x10DA;&#x10DD;&#x10D2;&#x10D8;&#x10D8;&#x10E1; &#x10D3;&#x10D4;&#x10DE;&#x10D0;&#x10E0;&#x10E2;&#x10D0;&#x10DB;&#x10D4;&#x10E2;&#x10D8;.</subfield>
  </datafield>
  <datafield tag="250" ind1=" " ind2=" ">
    <subfield code="a">&#x10DB;&#x10D4;-3 &#x10E1;&#x10D0;&#x10E1;&#x10EC;&#x10D0;&#x10D5;&#x10DA;&#x10DD; &#x10D2;&#x10D0;&#x10DB;&#x10DD;&#x10EA;&#x10D4;&#x10DB;&#x10D0;</subfield>
  </datafield>
  <datafield tag="264" ind1=" " ind2=" ">
    <subfield code="a">&#x10D7;&#x10D1;&#x10D8;&#x10DA;&#x10D8;&#x10E1;&#x10D8; :</subfield>
    <subfield code="b">&#x10EA;&#x10D8;&#x10E1; &#x10DC;&#x10D0;&#x10DB;&#x10D8;, </subfield>
    <subfield code="c">2010.</subfield>
  </datafield>
  <datafield tag="300" ind1=" " ind2=" ">
    <subfield code="a">628 &#x10D2;&#x10D5;.:</subfield>
    <subfield code="b">&#x10EA;&#x10EE;&#x10E0;., &#x10E1;&#x10E3;&#x10E0;. ;</subfield>
    <subfield code="c">21 &#x10E1;&#x10DB;.</subfield>
  </datafield>
  <datafield tag="541" ind1=" " ind2=" ">
    <subfield code="h">20 &#x10DA;.</subfield>
  </datafield>
  <datafield tag="653" ind1=" " ind2=" ">
    <subfield code="a">&#x10E4;&#x10D0;&#x10E0;&#x10DB;&#x10D0;&#x10D9;&#x10DD;&#x10DA;&#x10DD;&#x10D2;&#x10D8;&#x10D0;</subfield>
  </datafield>
  <datafield tag="653" ind1=" " ind2=" ">
    <subfield code="a">&#x10DB;&#x10D4;&#x10D3;&#x10D8;&#x10EA;&#x10D8;&#x10DC;&#x10D0;</subfield>
  </datafield>
  <datafield tag="710" ind1=" " ind2=" ">
    <subfield code="a">&#x10D7;&#x10D1;&#x10D8;&#x10DA;. &#x10E1;&#x10D0;&#x10EE;&#x10D4;&#x10DA;&#x10DB;&#x10EC;. &#x10E1;&#x10D0;&#x10DB;&#x10D4;&#x10D3;. &#x10E3;&#x10DC;-&#x10E2;&#x10D8;&#x10E1; &#x10E1;&#x10D0;&#x10DB;&#x10D4;&#x10D3;. &#x10E4;&#x10D0;&#x10E0;&#x10DB;&#x10D0;&#x10D9;&#x10DD;&#x10DA;&#x10DD;&#x10D2;&#x10D8;&#x10D8;&#x10E1; &#x10D3;&#x10D4;&#x10DE;&#x10D0;&#x10E0;&#x10E2;&#x10D0;&#x10DB;&#x10D4;&#x10E2;&#x10D8;.</subfield>
    <subfield code="9">23403</subfield>
  </datafield>
  <datafield tag="942" ind1=" " ind2=" ">
    <subfield code="c">BK</subfield>
    <subfield code="2">udc</subfield>
  </datafield>
  <datafield tag="952" ind1=" " ind2=" ">
    <subfield code="0">0</subfield>
    <subfield code="1">0</subfield>
    <subfield code="2">udc</subfield>
    <subfield code="4">0</subfield>
    <subfield code="6">6150758_&#x10D7;87</subfield>
    <subfield code="7">0</subfield>
    <subfield code="9">31854</subfield>
    <subfield code="a">CPL</subfield>
    <subfield code="b">CPL</subfield>
    <subfield code="c">GEN</subfield>
    <subfield code="d">2018-12-17</subfield>
    <subfield code="g">20.00</subfield>
    <subfield code="o">615(075.8) &#x10D7;&#x2013;87</subfield>
    <subfield code="p">2218</subfield>
    <subfield code="r">2018-12-17</subfield>
    <subfield code="t">2218</subfield>
    <subfield code="w">2018-12-17</subfield>
    <subfield code="y">BK</subfield>
    <subfield code="z">20 &#x10DA;.</subfield>
  </datafield>
  <datafield tag="952" ind1=" " ind2=" ">
    <subfield code="0">0</subfield>
    <subfield code="1">0</subfield>
    <subfield code="2">udc</subfield>
    <subfield code="4">0</subfield>
    <subfield code="6">6150758_&#x10D7;87</subfield>
    <subfield code="7">0</subfield>
    <subfield code="9">31855</subfield>
    <subfield code="a">CPL</subfield>
    <subfield code="b">CPL</subfield>
    <subfield code="c">GEN</subfield>
    <subfield code="d">2018-12-17</subfield>
    <subfield code="g">20.00</subfield>
    <subfield code="o">615(075.8) &#x10D7;&#x2013;87</subfield>
    <subfield code="p">2219</subfield>
    <subfield code="r">2018-12-17</subfield>
    <subfield code="t">2219</subfield>
    <subfield code="w">2018-12-17</subfield>
    <subfield code="y">BK</subfield>
    <subfield code="z">20 &#x10DA;.</subfield>
  </datafield>
  <datafield tag="952" ind1=" " ind2=" ">
    <subfield code="0">0</subfield>
    <subfield code="1">0</subfield>
    <subfield code="2">udc</subfield>
    <subfield code="4">0</subfield>
    <subfield code="6">6150758_&#x10D7;87</subfield>
    <subfield code="7">0</subfield>
    <subfield code="9">31856</subfield>
    <subfield code="a">CPL</subfield>
    <subfield code="b">CPL</subfield>
    <subfield code="c">GEN</subfield>
    <subfield code="d">2018-12-17</subfield>
    <subfield code="g">20.00</subfield>
    <subfield code="o">615(075.8) &#x10D7;&#x2013;87</subfield>
    <subfield code="p">2220</subfield>
    <subfield code="r">2018-12-17</subfield>
    <subfield code="t">2220</subfield>
    <subfield code="w">2018-12-17</subfield>
    <subfield code="y">BK</subfield>
    <subfield code="z">20 &#x10DA;.</subfield>
  </datafield>
  <datafield tag="952" ind1=" " ind2=" ">
    <subfield code="0">0</subfield>
    <subfield code="1">0</subfield>
    <subfield code="2">udc</subfield>
    <subfield code="4">0</subfield>
    <subfield code="6">6150758_&#x10D7;87</subfield>
    <subfield code="7">0</subfield>
    <subfield code="9">31857</subfield>
    <subfield code="a">CPL</subfield>
    <subfield code="b">CPL</subfield>
    <subfield code="c">GEN</subfield>
    <subfield code="d">2018-12-17</subfield>
    <subfield code="g">20.00</subfield>
    <subfield code="o">615(075.8) &#x10D7;&#x2013;87</subfield>
    <subfield code="p">2222</subfield>
    <subfield code="r">2018-12-17</subfield>
    <subfield code="t">2222</subfield>
    <subfield code="w">2018-12-17</subfield>
    <subfield code="y">BK</subfield>
    <subfield code="z">20 &#x10DA;.</subfield>
  </datafield>
  <datafield tag="952" ind1=" " ind2=" ">
    <subfield code="0">0</subfield>
    <subfield code="1">0</subfield>
    <subfield code="2">udc</subfield>
    <subfield code="4">0</subfield>
    <subfield code="6">6150758_&#x10D7;87</subfield>
    <subfield code="7">0</subfield>
    <subfield code="9">31858</subfield>
    <subfield code="a">CPL</subfield>
    <subfield code="b">CPL</subfield>
    <subfield code="c">GEN</subfield>
    <subfield code="d">2018-12-17</subfield>
    <subfield code="g">20.00</subfield>
    <subfield code="o">615(075.8) &#x10D7;&#x2013;87</subfield>
    <subfield code="p">2223</subfield>
    <subfield code="r">2018-12-17</subfield>
    <subfield code="t">2223</subfield>
    <subfield code="w">2018-12-17</subfield>
    <subfield code="y">BK</subfield>
    <subfield code="z">20 &#x10DA;.</subfield>
  </datafield>
  <datafield tag="952" ind1=" " ind2=" ">
    <subfield code="0">0</subfield>
    <subfield code="1">0</subfield>
    <subfield code="2">udc</subfield>
    <subfield code="4">0</subfield>
    <subfield code="6">6150758_&#x10D7;87</subfield>
    <subfield code="7">0</subfield>
    <subfield code="9">31859</subfield>
    <subfield code="a">CPL</subfield>
    <subfield code="b">CPL</subfield>
    <subfield code="c">GEN</subfield>
    <subfield code="d">2018-12-17</subfield>
    <subfield code="o">615(075.8) &#x10D7;&#x2013;87</subfield>
    <subfield code="p">2224</subfield>
    <subfield code="r">2018-12-17</subfield>
    <subfield code="t">2224</subfield>
    <subfield code="w">2018-12-17</subfield>
    <subfield code="y">BK</subfield>
    <subfield code="z">20 &#x10DA;.</subfield>
  </datafield>
  <datafield tag="952" ind1=" " ind2=" ">
    <subfield code="0">0</subfield>
    <subfield code="1">0</subfield>
    <subfield code="2">udc</subfield>
    <subfield code="4">0</subfield>
    <subfield code="6">6150758_&#x10D7;87</subfield>
    <subfield code="7">0</subfield>
    <subfield code="9">31860</subfield>
    <subfield code="a">CPL</subfield>
    <subfield code="b">CPL</subfield>
    <subfield code="c">GEN</subfield>
    <subfield code="d">2018-12-17</subfield>
    <subfield code="g">20.00</subfield>
    <subfield code="o">615(075.8) &#x10D7;&#x2013;87</subfield>
    <subfield code="p">2225</subfield>
    <subfield code="r">2018-12-17</subfield>
    <subfield code="t">2225</subfield>
    <subfield code="w">2018-12-17</subfield>
    <subfield code="y">BK</subfield>
    <subfield code="z">20 &#x10DA;.</subfield>
  </datafield>
  <datafield tag="952" ind1=" " ind2=" ">
    <subfield code="0">0</subfield>
    <subfield code="1">0</subfield>
    <subfield code="2">udc</subfield>
    <subfield code="4">0</subfield>
    <subfield code="6">6150758_&#x10D7;87</subfield>
    <subfield code="7">0</subfield>
    <subfield code="9">31861</subfield>
    <subfield code="a">CPL</subfield>
    <subfield code="b">CPL</subfield>
    <subfield code="c">GEN</subfield>
    <subfield code="d">2018-12-17</subfield>
    <subfield code="g">20.00</subfield>
    <subfield code="o">615(075.8) &#x10D7;&#x2013;87</subfield>
    <subfield code="p">2226</subfield>
    <subfield code="r">2018-12-17</subfield>
    <subfield code="t">2226</subfield>
    <subfield code="w">2018-12-17</subfield>
    <subfield code="y">BK</subfield>
    <subfield code="z">20 &#x10DA;.</subfield>
  </datafield>
  <datafield tag="952" ind1=" " ind2=" ">
    <subfield code="0">0</subfield>
    <subfield code="1">0</subfield>
    <subfield code="2">udc</subfield>
    <subfield code="4">0</subfield>
    <subfield code="6">6150758_&#x10D7;87</subfield>
    <subfield code="7">0</subfield>
    <subfield code="9">31862</subfield>
    <subfield code="a">CPL</subfield>
    <subfield code="b">CPL</subfield>
    <subfield code="c">GEN</subfield>
    <subfield code="d">2018-12-17</subfield>
    <subfield code="g">20.00</subfield>
    <subfield code="o">615(075.8) &#x10D7;&#x2013;87</subfield>
    <subfield code="p">2227</subfield>
    <subfield code="r">2018-12-17</subfield>
    <subfield code="t">2227</subfield>
    <subfield code="w">2018-12-17</subfield>
    <subfield code="y">BK</subfield>
    <subfield code="z">20 &#x10DA;.</subfield>
  </datafield>
  <datafield tag="952" ind1=" " ind2=" ">
    <subfield code="0">0</subfield>
    <subfield code="1">0</subfield>
    <subfield code="2">udc</subfield>
    <subfield code="4">0</subfield>
    <subfield code="6">6150758_&#x10D7;87</subfield>
    <subfield code="7">0</subfield>
    <subfield code="9">31863</subfield>
    <subfield code="a">CPL</subfield>
    <subfield code="b">CPL</subfield>
    <subfield code="c">GEN</subfield>
    <subfield code="d">2018-12-17</subfield>
    <subfield code="g">20.00</subfield>
    <subfield code="o">615(075.8) &#x10D7;&#x2013;87</subfield>
    <subfield code="p">2221</subfield>
    <subfield code="r">2018-12-17</subfield>
    <subfield code="t">2221</subfield>
    <subfield code="w">2018-12-17</subfield>
    <subfield code="y">BK</subfield>
    <subfield code="z">20 &#x10DA;.</subfield>
  </datafield>
</record>
